Risk administration – the role of government decisions in the view of non-standard measured instruments

Správa politických rizík je neľahká úloha pre štáty celosvetovo. Druhy politických rizík. Finančné riziká, informácie o riziku a stádovité správanie sa zákazníkov. Rating rizík; silné a slabé zásahy pri správe rizík. Nákladová efektivita rizika, korelácia výberu daní a administratívnych nákladov v k...

Descrizione completa

Salvato in:
Dettagli Bibliografici
Autore principale: Hocman, František, 1983-
Natura: Capitolo di libro
Lingua:inglese
Soggetti:
Tags: Aggiungi Tag
Nessun Tag, puoi essere il primo ad aggiungerne!!

MARC

LEADER 00000naa$a2200000$$$4500
001 0229050
005 20240502083617.4
041 0 |a eng 
044 |a BG 
245 1 0 |a Risk administration – the role of government decisions in the view of non-standard measured instruments  |c František Hocman 
520 |a Správa politických rizík je neľahká úloha pre štáty celosvetovo. Druhy politických rizík. Finančné riziká, informácie o riziku a stádovité správanie sa zákazníkov. Rating rizík; silné a slabé zásahy pri správe rizík. Nákladová efektivita rizika, korelácia výberu daní a administratívnych nákladov v krajinách EÚ a krajinách V4. 
610 2 0 |a riadenie rizík 
610 2 0 |a financie verejné 
610 2 0 |a riziko politické 
610 2 0 |a riziko finančné 
610 2 0 |a rating 
610 2 0 |a Európska únia 
610 2 0 |a Vyšehradská štvorka 
610 2 0 |a Slovensko 
100 1 |a Hocman, František, 1983-